| 000 | 00642nam a2200229Ia 4500 | ||
|---|---|---|---|
| 005 | 20250108125128.0 | ||
| 008 | 008 250107s9999 xx 000 0 eng d | ||
| 020 | _a978-93-6547-823-5 | ||
| 037 | _aTB | ||
| 040 |
_aCRL _beng _cCRL |
||
| 041 |
_aurd _2eng |
||
| 084 | _aV2:73.P R4 | ||
| 084 | _qCRL | ||
| 100 |
_aAazmi Ubaidullah Shamim Au. _9730447 |
||
| 245 | 0 |
_aMadarsa arbiya Riyazul Uloom chaukiyah gaurini Jaunpur ke Misali pachas saal _cAazmi Ubaidullah Shamim Au. |
|
| 260 | _c3411 | ||
| 300 | _a792p. | ||
| 365 |
_aINR _b1295 |
||
| 650 | _aEDUCATION | ||
| 942 |
_cTB _hV2:73.P R4 |
||
| 999 |
_c1235799 _d1235799 |
||